000 00842nam a2200265 i 4500
001 bg
100 1 _aPASKO, Marian.
245 1 0 _aElektrotechnika ogólna.
_nCz. 1 /
_cMarian Pasko, Zygmunt Piątek, Lesław Topór-Kamiński.
250 _aWyd. 3.
260 _aGliwice :
_bWydaw. Politechniki Śląskiej,
_c2004.
300 _a426, [2] s. :
_brys., tab., wykr. ;
_c24 cm.
504 _aBibliogr. s. 425-426.
650 9 _aElektrotechnika
655 _aPodręczniki akademickie
700 1 _aTOPÓR-KAMIŃSKI, Lesław
700 1 _aPIĄTEK, Zygmunt
020 _a8373352562 (cz. 1)
040 _cBPK
041 0 _apol
080 _a621.3(075.8)
920 _a83-7335-256-2 (cz. 1)
942 _cKS
008 s pl f |000 0 pol
999 _c44822
_d44822
856 _uhttp://koha.tu.koszalin.pl/cgi-bin/koha/opac-detail.pl?biblionumber=44822
_yKatalog online BPK